| 000 | 00664nam a22002297a 4500 | ||
|---|---|---|---|
| 005 | 20170124110152.0 | ||
| 010 | _aA-951093 | ||
| 020 | _c00.00 | ||
| 035 | _aA-951093 | ||
| 037 | _bCen Lib/Ret | ||
| 040 |
_aDPL _bEN |
||
| 082 |
_a657.42 _bARO |
||
| 100 |
_aArora, M.N. _921693 |
||
| 245 |
_aCost accounting : _cby M. N. Arora _bprinciples and practice / |
||
| 250 | _a5th rev. ed | ||
| 260 |
_aNew Delhi _bVikash Publishing House _c1998 |
||
| 270 |
_a576, Masjid Road, Jungpura _bNew Delhi _e110014 |
||
| 300 |
_a872p. _c21cm(Hb) |
||
| 650 |
_aAccounts _9101745 |
||
| 650 |
_aCost accounting _9101746 |
||
| 942 |
_2ddc _cEN _h657.42 _mARO |
||
| 999 |
_c132256 _d132256 |
||